[Event "IMP Mezczyzn do lat 20"]
[Site "Chotowa"]
[Date "2023.10.31"]
[Round "5.13"]
[White "Pancewicz, Szymon"]
[Black "Kraczek, Cezary"]
[Result "1-0"]
[BlackElo "1707"]
[WhiteElo "1853"]
[LiveChessVersion "1.4.8"]

1. e4 {[%clk 1:30:42]} c5 {[%clk 1:30:46]} 2. Nf3 {[%clk 1:30:12]} d6
{[%clk 1:30:58]} 3. Bc4 {[%clk 1:29:34]} Nf6 {[%clk 1:28:20]} 4. d3
{[%clk 1:29:35]} Nc6 {[%clk 1:25:44]} 5. c3 {[%clk 1:29:02]} e6 {[%clk 1:21:49]}
6. Nbd2 {[%clk 1:26:11]} d5 {[%clk 1:15:00]} 7. Bb3 {[%clk 1:22:07]} Be7
{[%clk 1:07:39]} 8. O-O {[%clk 1:19:39]} O-O {[%clk 1:05:52]} 9. Re1
{[%clk 1:14:29]} Qc7 {[%clk 0:59:13]} 10. e5 {[%clk 1:09:02]} Nd7
{[%clk 0:57:25]} 11. d4 {[%clk 1:07:06]} cxd4 {[%clk 0:53:11]} 12. cxd4
{[%clk 1:05:49]} f6 {[%clk 0:51:47]} 13. exf6 {[%clk 1:04:13]} Nxf6
{[%clk 0:51:48]} 14. Nf1 {[%clk 1:01:55]} Bd6 {[%clk 0:41:19]} 15. Bg5
{[%clk 0:56:12]} Bd7 {[%clk 0:37:53]} 16. Bh4 {[%clk 0:53:53]} Rae8
{[%clk 0:36:34]} 17. Bg3 {[%clk 0:52:18]} Ne4 {[%clk 0:32:40]} 18. Bxd6
{[%clk 0:50:35]} Nxd6 {[%clk 0:31:08]} 19. Qd3 {[%clk 0:43:15]} Ne4
{[%clk 0:27:43]} 20. Ng3 {[%clk 0:39:55]} Nxg3 {[%clk 0:25:29]} 21. hxg3
{[%clk 0:39:58]} Rf6 {[%clk 0:24:14]} 22. Re2 {[%clk 0:37:10]} g6
{[%clk 0:20:25]} 23. Rae1 {[%clk 0:35:36]} Ref8 {[%clk 0:19:36]} 24. Qd2
{[%clk 0:33:37]} Qb6 {[%clk 0:18:46]} 25. Ba4 {[%clk 0:29:50]} Bc8
{[%clk 0:17:11]} 26. Bxc6 {[%clk 0:27:34]} bxc6 {[%clk 0:17:38]} 27. b4
{[%clk 0:26:48]} Rf5 {[%clk 0:12:08]} 28. a3 {[%clk 0:26:07]} Kg7
{[%clk 0:10:27]} 29. Ng5 {[%clk 0:19:20]} h6 {[%clk 0:09:27]} 30. Nf3
{[%clk 0:16:16]} Qd8 {[%clk 0:08:28]} 31. Qc2 {[%clk 0:14:12]} Qe8
{[%clk 0:07:18]} 32. Ne5 {[%clk 0:12:20]} Ba6 {[%clk 0:07:17]} 33. Rd2
{[%clk 0:12:19]} Bc4 {[%clk 0:06:30]} 34. Nxc4 {[%clk 0:11:44]} dxc4
{[%clk 0:06:59]} 35. Qxc4 {[%clk 0:11:22]} R8f6 {[%clk 0:05:41]} 36. f3
{[%clk 0:09:06]} Qd7 37. Rde2 {[%clk 0:06:24]} Rd5 {[%clk 0:04:14]} 38. Re4
{[%clk 0:06:14]} Qd6 {[%clk 0:04:16]} 39. Rc1 {[%clk 0:02:34]} Qxg3
{[%clk 0:02:53]} 40. Qxc6 {[%clk 0:30:48]} Rxf3 {[%clk 0:30:45]} 41. Qc7+
{[%clk 0:22:05]} Qxc7 {[%clk 0:28:43]} 42. Rxc7+ {[%clk 0:22:17]} Rf7
{[%clk 0:29:10]} 43. Rc6 {[%clk 0:21:27]} h5 {[%clk 0:15:58]} 44. Rcxe6
{[%clk 0:15:08]} a5 {[%clk 0:14:24]} 45. R6e5 {[%clk 0:12:48]} Rxe5
{[%clk 0:10:24]} 46. dxe5 {[%clk 0:12:51]} axb4 {[%clk 0:10:50]} 47. axb4
{[%clk 0:10:13]} Ra7 {[%clk 0:09:07]} 48. Kf2 {[%clk 0:08:15]} Ra3
{[%clk 0:08:21]} 49. e6 {[%clk 0:05:53]} Kf8 {[%clk 0:08:35]} 50. e7+
{[%clk 0:02:18]} Ke8 {[%clk 0:09:01]} 51. b5 {[%clk 0:02:16]} Rb3
{[%clk 0:07:48]} 52. Re5 {[%clk 0:02:39]} h4 {[%clk 0:07:08]} 53. Ke2
{[%clk 0:01:54]} Rg3 {[%clk 0:06:06]} 54. Kf2 {[%clk 0:01:46]} Rb3
{[%clk 0:06:30]} 55. Kg1 {[%clk 0:01:36]} h3 {[%clk 0:05:43]} 56. gxh3
{[%clk 0:00:41]} Rxh3 {[%clk 0:06:07]} 57. b6 {[%clk 0:00:41]} Rb3
{[%clk 0:06:33]} 58. Re6 {[%clk 0:01:03]} Rb2 {[%clk 0:04:58]} 59. Kf1
{[%clk 0:01:04]} g5 {[%clk 0:04:49]} 60. Ke1 {[%clk 0:00:54]} g4 {[%clk 0:04:08]}
61. Kf1 {[%clk 0:00:59]} Rc2 {[%clk 0:02:54]} 62. Kg1 {[%clk 0:01:11]} Rb2
{[%clk 0:02:56]} 63. Kh1 {[%clk 0:01:38]} g3 {[%clk 0:00:55]} 64. Kg1
{[%clk 0:02:00]} Rc2 {[%clk 0:00:39]} 65. Rh6 {[%clk 0:00:48]} Rb2
{[%clk 0:00:32]} 66. b7 {[%clk 0:00:58]} Rb1+ {[%clk 0:00:40]} 67. Kg2
{[%clk 0:01:24]} Rb2+ {[%clk 0:00:57]} 68. Kxg3 {[%clk 0:01:47]} Rb3+
{[%clk 0:01:22]} 69. Kf2 {[%clk 0:01:43]} Rb2+ {[%clk 0:01:29]} 70. Ke1
{[%clk 0:01:37]} Rb1+ {[%clk 0:01:46]} 71. Kd2 {[%clk 0:01:51]} Kxe7
{[%clk 0:02:04]} 72. Rh8 {[%clk 0:01:50]} Rb2+ {[%clk 0:02:30]} 73. Kc1
{[%clk 0:02:03]} Rxb7 {[%clk 0:02:57]} 74. Rh7+ {[%clk 0:02:28]} Kd6
{[%clk 0:03:21]} 75. Rxb7 {[%clk 0:02:50]} 1-0

[Event "IMP Mezczyzn do lat 20"]
[Site "Chotowa"]
[Date "2023.10.31"]
[Round "5.14"]
[White "Stepinski, Piotr"]
[Black "Lis, Maksymilian"]
[Result "1-0"]
[BlackElo "1937"]
[WhiteElo "1991"]
[LiveChessVersion "1.4.8"]

1. e4 {[%clk 1:30:59]} c5 {[%clk 1:30:21]} 2. Nf3 {[%clk 1:31:23]} e6
{[%clk 1:30:45]} 3. d4 {[%clk 1:31:50]} cxd4 {[%clk 1:31:10]} 4. Nxd4
{[%clk 1:32:18]} a6 {[%clk 1:31:34]} 5. Nc3 {[%clk 1:32:45]} b5 {[%clk 1:32:01]}
6. g3 {[%clk 1:33:13]} Bb7 {[%clk 1:32:22]} 7. Bg2 {[%clk 1:33:39]} Nc6
{[%clk 1:30:36]} 8. O-O {[%clk 1:32:11]} b4 {[%clk 1:24:05]} 9. Na4
{[%clk 1:20:36]} Nf6 {[%clk 1:16:38]} 10. Be3 {[%clk 0:52:54]} Qa5
{[%clk 1:14:35]} 11. b3 {[%clk 0:52:06]} Rb8 {[%clk 1:06:11]} 12. Re1
{[%clk 0:51:36]} Be7 {[%clk 1:01:45]} 13. Nb2 {[%clk 0:33:13]} d5
{[%clk 0:47:32]} 14. exd5 {[%clk 0:33:11]} Nxd4 {[%clk 0:40:24]} 15. Nc4
{[%clk 0:32:52]} Qd8 {[%clk 0:40:29]} 16. Bxd4 {[%clk 0:33:07]} Bxd5
{[%clk 0:39:54]} 17. Bxf6 {[%clk 0:33:18]} gxf6 {[%clk 0:39:35]} 18. Bxd5
{[%clk 0:33:29]} exd5 {[%clk 0:39:43]} 19. Ne3 {[%clk 0:33:38]} 1-0

[Event "IMP Mezczyzn do lat 20"]
[Site "Chotowa"]
[Date "2023.10.31"]
[Round "5.15"]
[White "Walaszczyk, Aleksander"]
[Black "Mikula, Maciej"]
[Result "1-0"]
[BlackElo "1936"]
[WhiteElo "1731"]
[LiveChessVersion "1.4.8"]

1. c4 {[%clk 1:30:57]} e5 {[%clk 1:29:26]} 2. g3 {[%clk 1:30:59]} Be7
{[%clk 1:28:34]} 3. Nc3 {[%clk 1:30:47]} d6 {[%clk 1:28:24]} 4. Bg2
{[%clk 1:30:33]} f5 {[%clk 1:28:04]} 5. e3 {[%clk 1:23:04]} a5 {[%clk 1:23:42]}
6. d4 {[%clk 1:21:46]} Nf6 {[%clk 1:23:28]} 7. Nf3 {[%clk 1:17:18]} e4
{[%clk 1:21:57]} 8. Ng1 {[%clk 1:10:27]} Be6 {[%clk 1:18:40]} 9. d5
{[%clk 1:09:51]} Bf7 {[%clk 1:17:58]} 10. f3 {[%clk 1:10:04]} Nbd7
{[%clk 1:03:37]} 11. fxe4 {[%clk 1:08:14]} fxe4 {[%clk 1:03:45]} 12. Nxe4
{[%clk 1:06:16]} Nxe4 {[%clk 0:54:30]} 13. Bxe4 {[%clk 1:06:23]} Nc5
{[%clk 0:54:59]} 14. Bc2 {[%clk 1:06:31]} Qd7 {[%clk 0:50:27]} 15. Ne2
{[%clk 1:05:12]} h5 {[%clk 0:46:23]} 16. O-O {[%clk 0:59:48]} Bf6
{[%clk 0:34:24]} 17. Nd4 {[%clk 0:55:25]} h4 {[%clk 0:32:53]} 18. Bf5
{[%clk 0:54:29]} Qe7 {[%clk 0:33:15]} 19. Qg4 {[%clk 0:49:35]} hxg3
{[%clk 0:32:34]} 20. hxg3 {[%clk 0:49:58]} Bh5 {[%clk 0:28:28]} 21. Bg6+
{[%clk 0:49:56]} Bxg6 22. Qxg6+ {[%clk 0:50:20]} Qf7 {[%clk 0:29:22]} 23. Qxf7+
{[%clk 0:47:52]} Kxf7 {[%clk 0:29:42]} 24. Bd2 {[%clk 0:45:08]} Ne4
{[%clk 0:28:33]} 25. Be1 {[%clk 0:45:30]} Rh3 {[%clk 0:28:16]} 26. Kg2
{[%clk 0:45:33]} Rah8 {[%clk 0:26:19]} 27. Kf3 {[%clk 0:45:41]} Ng5+
{[%clk 0:22:49]} 28. Kg4 {[%clk 0:37:19]} a4 {[%clk 0:14:21]} 29. Bc3
{[%clk 0:32:33]} Ne4 {[%clk 0:13:40]} 30. Ne2 {[%clk 0:30:33]} Rh2
{[%clk 0:09:02]} 31. Nd4 {[%clk 0:18:54]} a3 {[%clk 0:07:36]} 32. Be1
{[%clk 0:06:11]} axb2 {[%clk 0:07:40]} 33. Rb1 {[%clk 0:06:35]} Ra8
{[%clk 0:07:19]} 34. Nf3 {[%clk 0:06:27]} Rc2 {[%clk 0:07:01]} 35. Nd4
{[%clk 0:06:35]} Rh2 {[%clk 0:05:07]} 36. Nf3 {[%clk 0:06:59]} Rg2
{[%clk 0:05:18]} 37. Kh3 {[%clk 0:05:24]} Re2 {[%clk 0:05:44]} 38. Nd4
{[%clk 0:05:25]} Rxe3 {[%clk 0:06:00]} 39. Rxb2 {[%clk 0:04:55]} Kg6
{[%clk 0:05:57]} 40. Nf5 {[%clk 0:33:07]} Rxe1 {[%clk 0:33:38]} 41. Rxe1
{[%clk 0:29:01]} Ng5+ {[%clk 0:32:01]} 42. Kg4 {[%clk 0:29:25]} Bxb2
{[%clk 0:32:21]} 43. Nh4+ {[%clk 0:29:48]} Kf7 {[%clk 0:27:41]} 44. Kxg5
{[%clk 0:29:09]} Bf6+ {[%clk 0:27:55]} 45. Kg4 {[%clk 0:26:44]} Rxa2
{[%clk 0:27:52]} 46. Re4 {[%clk 0:23:02]} Ra4 {[%clk 0:25:05]} 47. Kf5
{[%clk 0:22:05]} b5 {[%clk 0:22:11]} 48. Ng6 {[%clk 0:18:21]} Ra3
{[%clk 0:13:06]} 49. Nh8+ {[%clk 0:12:18]} Kg8 {[%clk 0:13:21]} 50. Re8+
{[%clk 0:12:43]} Kh7 {[%clk 0:13:48]} 51. Ng6 {[%clk 0:12:57]} Rf3+
{[%clk 0:14:12]} 52. Kg4 {[%clk 0:12:34]} Rf1 {[%clk 0:14:05]} 53. Nf8+
{[%clk 0:12:47]} Kh6 {[%clk 0:12:47]} 54. cxb5 {[%clk 0:12:25]} Rg1
{[%clk 0:07:52]} 55. Re2 {[%clk 0:06:51]} Rh1 {[%clk 0:06:53]} 56. Rc2
{[%clk 0:06:10]} Be5 {[%clk 0:05:55]} 57. Rxc7 {[%clk 0:04:54]} Rg1
{[%clk 0:06:04]} 58. Nd7 {[%clk 0:03:26]} Rxg3+ {[%clk 0:05:39]} 59. Kf5
{[%clk 0:03:48]} Re3 {[%clk 0:05:10]} 60. b6 {[%clk 0:02:51]} g6+
{[%clk 0:01:03]} 61. Ke6 {[%clk 0:03:15]} Bg3+ {[%clk 0:00:46]} 62. Kf7
{[%clk 0:03:31]} Rf3+ {[%clk 0:00:51]} 63. Ke7 {[%clk 0:02:48]} Bh4+
{[%clk 0:00:44]} 64. Kxd6 {[%clk 0:02:43]} Rb3 {[%clk 0:00:31]} 65. Kc6
{[%clk 0:01:12]} Bf2 {[%clk 0:00:33]} 66. Nc5 {[%clk 0:00:45]} Rc3
{[%clk 0:00:44]} 67. Kb5 {[%clk 0:00:55]} Bg3 {[%clk 0:00:49]} 68. Rc8
{[%clk 0:01:22]} Rd3 {[%clk 0:00:53]} 69. Nxd3 {[%clk 0:01:43]} 1-0

[Event "IMP Mezczyzn do lat 20"]
[Site "Chotowa"]
[Date "2023.10.31"]
[Round "5.16"]
[White "Labedz, Dawid"]
[Black "Mocko, Maciej"]
[Result "0-1"]
[BlackElo "1862"]
[WhiteElo "1579"]
[LiveChessVersion "1.4.8"]

1. e4 {[%clk 1:30:57]} c5 {[%clk 1:28:22]} 2. Nf3 {[%clk 1:31:17]} Nc6
{[%clk 1:28:50]} 3. d4 {[%clk 1:31:31]} cxd4 {[%clk 1:29:16]} 4. Nxd4
{[%clk 1:31:52]} Nf6 {[%clk 1:29:43]} 5. Nc3 {[%clk 1:32:00]} e5 {[%clk 1:30:10]}
6. Ndb5 {[%clk 1:31:31]} d6 {[%clk 1:30:39]} 7. Nd5 {[%clk 1:30:48]} Nxd5
{[%clk 1:31:02]} 8. exd5 {[%clk 1:31:13]} Nb8 {[%clk 1:30:40]} 9. a4
{[%clk 1:30:15]} Be7 {[%clk 1:30:30]} 10. Be2 {[%clk 1:29:58]} O-O
{[%clk 1:30:55]} 11. O-O {[%clk 1:29:41]} f5 {[%clk 1:31:06]} 12. f4
{[%clk 1:28:43]} Bf6 {[%clk 1:28:40]} 13. c3 {[%clk 1:22:10]} Nd7
{[%clk 1:22:55]} 14. Kh1 {[%clk 1:13:47]} Nc5 {[%clk 1:21:23]} 15. Be3
{[%clk 1:10:55]} Ne4 {[%clk 1:20:31]} 16. Qd3 {[%clk 1:05:16]} a6
{[%clk 1:17:50]} 17. Na3 {[%clk 1:05:17]} exf4 {[%clk 1:14:54]} 18. Bxf4
{[%clk 0:53:38]} Be5 {[%clk 1:14:17]} 19. Bxe5 {[%clk 0:39:58]} dxe5
{[%clk 1:14:39]} 20. Nc4 {[%clk 0:38:50]} Qf6 {[%clk 1:04:33]} 21. Qe3
{[%clk 0:28:42]} Nd6 {[%clk 0:56:34]} 22. Rfe1 {[%clk 0:25:01]} Re8
{[%clk 0:52:49]} 23. Nb6 {[%clk 0:18:39]} f4 {[%clk 0:48:58]} 24. Qc5
{[%clk 0:14:31]} Rb8 {[%clk 0:39:52]} 25. c4 {[%clk 0:10:22]} Ne4
{[%clk 0:32:45]} 26. Qb4 {[%clk 0:09:51]} Qh4 {[%clk 0:32:27]} 27. d6
{[%clk 0:05:35]} Be6 {[%clk 0:24:16]} 28. c5 {[%clk 0:05:21]} f3 {[%clk 0:24:26]}
29. Bc4 {[%clk 0:03:24]} fxg2+ {[%clk 0:22:21]} 30. Kxg2 {[%clk 0:03:52]} Qg4+
{[%clk 0:22:26]} 0-1

[Event "IMP Mezczyzn do lat 20"]
[Site "Chotowa"]
[Date "2023.10.31"]
[Round "5.17"]
[White "Karas, Kacper"]
[Black "Zieba, Hubert"]
[Result "0-1"]
[BlackElo "1805"]
[WhiteElo "1445"]
[LiveChessVersion "1.4.8"]

1. d4 {[%clk 1:29:56]} Nf6 {[%clk 1:30:54]} 2. c4 {[%clk 1:30:18]} c5
{[%clk 1:31:09]} 3. d5 {[%clk 1:30:39]} b5 {[%clk 1:31:36]} 4. cxb5
{[%clk 1:31:03]} a6 {[%clk 1:32:02]} 5. b6 {[%clk 1:31:06]} Qxb6 {[%clk 1:32:22]}
6. Nc3 {[%clk 1:31:24]} d6 {[%clk 1:32:48]} 7. Nf3 {[%clk 1:31:31]} g6
{[%clk 1:32:53]} 8. Nd2 {[%clk 1:30:17]} Bg7 {[%clk 1:32:26]} 9. Nc4
{[%clk 1:30:26]} Qb4 {[%clk 1:31:24]} 10. e3 {[%clk 1:14:12]} O-O
{[%clk 1:26:10]} 11. a3 {[%clk 1:13:56]} Qb7 {[%clk 1:26:33]} 12. Be2
{[%clk 1:13:03]} Bd7 {[%clk 1:26:43]} 13. O-O {[%clk 1:11:43]} Bb5
{[%clk 1:26:20]} 14. Rb1 {[%clk 1:07:02]} Bxc4 {[%clk 1:26:27]} 15. Bxc4
{[%clk 1:07:23]} Nbd7 {[%clk 1:24:35]} 16. e4 {[%clk 1:04:44]} Rfb8
{[%clk 1:23:28]} 17. b4 {[%clk 0:49:44]} cxb4 {[%clk 1:23:33]} 18. axb4
{[%clk 0:45:03]} Qc7 {[%clk 1:22:56]} 19. Qb3 {[%clk 0:43:01]} Rc8
{[%clk 1:23:13]} 0-1

[Event "IMP Mezczyzn do lat 20"]
[Site "Chotowa"]
[Date "2023.10.31"]
[Round "5.18"]
[White "Boryna, Szymon"]
[Black "Haladaj, Adam"]
[Result "0-1"]
[BlackElo "1611"]
[WhiteElo "1463"]
[LiveChessVersion "1.4.8"]

1. c4 {[%clk 1:30:39]} e5 {[%clk 1:30:54]} 2. Nc3 {[%clk 1:31:05]} Nf6
{[%clk 1:31:20]} 3. Nf3 {[%clk 1:31:31]} Nc6 {[%clk 1:31:40]} 4. e3
{[%clk 1:31:57]} Bb4 {[%clk 1:32:05]} 5. Qc2 {[%clk 1:32:24]} Bxc3
{[%clk 1:32:22]} 6. Qxc3 {[%clk 1:32:48]} Qe7 {[%clk 1:32:46]} 7. a3
{[%clk 1:33:11]} d5 {[%clk 1:32:04]} 8. d4 {[%clk 1:33:37]} exd4 {[%clk 1:25:02]}
9. Nxd4 {[%clk 1:32:04]} Nxd4 {[%clk 1:17:52]} 10. Qxd4 {[%clk 1:32:17]} Be6
{[%clk 1:17:32]} 11. Bd2 {[%clk 1:26:00]} c5 {[%clk 1:14:27]} 12. Qh4
{[%clk 1:25:50]} dxc4 {[%clk 1:12:59]} 13. Bxc4 {[%clk 1:26:03]} Bxc4
{[%clk 1:13:25]} 14. Qxc4 {[%clk 1:26:25]} O-O {[%clk 1:13:47]} 15. O-O
{[%clk 1:13:05]} Ne4 {[%clk 1:10:29]} 16. Bc3 {[%clk 1:10:37]} b6
{[%clk 1:10:42]} 17. Rad1 {[%clk 1:06:18]} Rad8 {[%clk 1:10:49]} 18. h3
{[%clk 1:04:33]} Qe6 {[%clk 0:59:24]} 19. Qa4 {[%clk 0:53:52]} Qe7
{[%clk 0:41:00]} 20. Qc4 {[%clk 0:46:56]} Rfe8 {[%clk 0:37:42]} 21. a4
{[%clk 0:31:37]} h6 {[%clk 0:23:45]} 22. Qb3 {[%clk 0:19:26]} Rxd1
{[%clk 0:20:24]} 23. Rxd1 {[%clk 0:19:17]} Nxf2 {[%clk 0:19:49]} 24. Kxf2
{[%clk 0:16:41]} Qxe3+ {[%clk 0:20:15]} 25. Kf1 {[%clk 0:17:07]} Qe2+
{[%clk 0:20:39]} 26. Kg1 {[%clk 0:17:33]} c4 {[%clk 0:21:05]} 27. Qb5
{[%clk 0:15:51]} Qxd1+ {[%clk 0:21:23]} 28. Kh2 {[%clk 0:16:17]} Qd6+
{[%clk 0:21:35]} 29. Kh1 {[%clk 0:16:22]} Qe6 {[%clk 0:21:52]} 30. a5
{[%clk 0:16:27]} bxa5 {[%clk 0:22:16]} 31. Qxa5 {[%clk 0:16:47]} a6
{[%clk 0:22:42]} 32. Qa4 {[%clk 0:16:34]} Kh7 {[%clk 0:22:27]} 33. Qc2+
{[%clk 0:16:49]} Qg6 {[%clk 0:22:51]} 34. Qf2 {[%clk 0:16:32]} Re6
{[%clk 0:22:36]} 35. Qf1 {[%clk 0:16:26]} Re4 {[%clk 0:22:16]} 36. Qf3
{[%clk 0:16:07]} Qe6 {[%clk 0:21:40]} 37. Qg3 {[%clk 0:16:24]} f6
{[%clk 0:22:04]} 38. Qc7 {[%clk 0:14:05]} Re3 {[%clk 0:19:31]} 39. Qb7
{[%clk 0:12:29]} Qe4 {[%clk 0:17:45]} 40. Qc7 {[%clk 0:41:06]} Rxc3
{[%clk 0:47:14]} 0-1

[Event "IMP Mezczyzn do lat 20"]
[Site "Chotowa"]
[Date "2023.10.31"]
[Round "6.1"]
[White "Koziorowicz, Michal"]
[Black "Krawczyk, Flawian"]
[Result "1/2-1/2"]
[BlackElo "2288"]
[WhiteElo "2288"]
[LiveChessVersion "1.4.8"]

1. e4 {[%clk 1:30:42]} c6 {[%clk 1:30:50]} 2. d4 {[%clk 1:29:43]} d5
{[%clk 1:31:01]} 3. e5 {[%clk 1:29:36]} Bf5 {[%clk 1:30:59]} 4. Nc3
{[%clk 1:28:47]} e6 {[%clk 1:29:49]} 5. g4 {[%clk 1:29:10]} Bg6 {[%clk 1:30:15]}
6. Nge2 {[%clk 1:29:23]} Be7 {[%clk 1:12:44]} 7. Nf4 {[%clk 1:27:29]} Nd7
{[%clk 1:11:04]} 8. h4 {[%clk 1:10:41]} Bxh4 {[%clk 1:10:14]} 9. Bd3
{[%clk 1:09:55]} Nf8 {[%clk 1:06:33]} 10. Nh5 {[%clk 1:09:38]} Bxh5
{[%clk 1:06:10]} 11. gxh5 {[%clk 1:10:02]} Bg5 {[%clk 1:03:14]} 12. f4
{[%clk 1:02:06]} Bh4+ {[%clk 1:03:19]} 13. Ke2 {[%clk 0:59:45]} Nh6
{[%clk 1:02:40]} 14. Qf1 {[%clk 0:58:17]} Be7 {[%clk 1:00:12]} 15. Qh3
{[%clk 0:50:08]} Qd7 {[%clk 0:58:09]} 16. Rg1 {[%clk 0:49:19]} Nf5
{[%clk 0:57:08]} 17. Be3 {[%clk 0:47:37]} g6 {[%clk 0:56:08]} 18. a3
{[%clk 0:43:46]} O-O-O {[%clk 0:44:54]} 19. b4 {[%clk 0:43:14]} Kb8
{[%clk 0:44:39]} 20. Rab1 {[%clk 0:41:26]} Qc7 {[%clk 0:40:49]} 21. a4
{[%clk 0:40:01]} Nd7 {[%clk 0:30:56]} 22. a5 {[%clk 0:40:05]} b5 {[%clk 0:29:02]}
23. axb6 {[%clk 0:31:58]} Nxb6 {[%clk 0:29:28]} 24. Ra1 {[%clk 0:30:53]} Nxe3
{[%clk 0:22:23]} 25. Qxe3 {[%clk 0:30:56]} gxh5 {[%clk 0:20:21]} 26. Na4
{[%clk 0:29:00]} Nxa4 {[%clk 0:18:20]} 27. Rxa4 {[%clk 0:29:24]} Rhg8
{[%clk 0:18:09]} 28. c3 {[%clk 0:26:16]} h4 {[%clk 0:17:06]} 29. Raa1
{[%clk 0:26:04]} h6 {[%clk 0:15:58]} 30. Qf3 {[%clk 0:26:05]} f6 {[%clk 0:13:22]}
31. Qh5 {[%clk 0:19:58]} fxe5 {[%clk 0:13:45]} 32. fxe5 {[%clk 0:19:49]} Bg5
{[%clk 0:12:56]} 33. Raf1 {[%clk 0:19:25]} Rdf8 {[%clk 0:12:39]} 34. Rf3
{[%clk 0:19:45]} Qe7 {[%clk 0:11:01]} 35. Rgf1 {[%clk 0:19:58]} Rxf3
{[%clk 0:11:12]} 36. Qxf3 {[%clk 0:20:20]} Kb7 {[%clk 0:10:31]} 37. c4
{[%clk 0:18:29]} dxc4 {[%clk 0:09:39]} 38. Be4 {[%clk 0:18:47]} Kb8
{[%clk 0:05:13]} 39. Qc3 {[%clk 0:05:34]} Rf8 {[%clk 0:04:50]} 40. Rxf8+
{[%clk 0:33:25]} Qxf8 {[%clk 0:35:18]} 41. Qxc4 {[%clk 0:33:49]} Qf4
{[%clk 0:35:36]} 42. Qxc6 {[%clk 0:34:01]} 1/2-1/2

[Event "IMP Mezczyzn do lat 20"]
[Site "Chotowa"]
[Date "2023.10.31"]
[Round "6.2"]
[White "Sowinski, Pawel"]
[Black "Fiedorek, Michal"]
[Result "1/2-1/2"]
[BlackElo "2334"]
[WhiteElo "2322"]
[LiveChessVersion "1.4.8"]

1. d4 {[%clk 1:27:55]} Nf6 {[%clk 1:30:43]} 2. c4 {[%clk 1:28:17]} e6
{[%clk 1:31:08]} 3. g3 {[%clk 1:28:20]} d5 {[%clk 1:31:31]} 4. Nf3
{[%clk 1:28:45]} Be7 {[%clk 1:31:41]} 5. Bg2 {[%clk 1:29:11]} O-O
{[%clk 1:31:54]} 6. O-O {[%clk 1:29:39]} c6 {[%clk 1:32:11]} 7. Qc2
{[%clk 1:30:01]} b6 {[%clk 1:32:32]} 8. Rd1 {[%clk 1:30:06]} Bb7 {[%clk 1:32:31]}
9. b3 {[%clk 1:30:08]} Na6 {[%clk 1:32:11]} 10. Nc3 {[%clk 1:27:38]} Rc8
{[%clk 1:17:36]} 11. e4 {[%clk 1:26:02]} dxe4 {[%clk 1:14:48]} 12. Nxe4
{[%clk 1:26:26]} Nb4 {[%clk 1:15:03]} 13. Qe2 {[%clk 1:17:02]} c5
{[%clk 0:49:49]} 14. Nxf6+ {[%clk 0:39:44]} Bxf6 {[%clk 0:49:45]} 15. dxc5
{[%clk 0:28:45]} Qe7 {[%clk 0:45:24]} 16. Bb2 {[%clk 0:28:43]} Bxb2
{[%clk 0:36:09]} 17. Qxb2 {[%clk 0:29:11]} Bxf3 {[%clk 0:36:20]} 18. Bxf3
{[%clk 0:29:35]} bxc5 {[%clk 0:36:45]} 19. Rd2 {[%clk 0:28:55]} Nc6
{[%clk 0:25:16]} 20. Bxc6 {[%clk 0:29:10]} Rxc6 {[%clk 0:25:43]} 21. Rad1
{[%clk 0:29:37]} Rc7 {[%clk 0:26:04]} 22. Rd6 {[%clk 0:28:54]} Rfc8
{[%clk 0:24:05]} 23. Qd2 {[%clk 0:29:02]} Kf8 {[%clk 0:16:09]} 24. h4
{[%clk 0:27:04]} h5 {[%clk 0:14:51]} 25. Kg2 {[%clk 0:24:22]} g6 {[%clk 0:13:32]}
26. Qh6+ {[%clk 0:24:18]} Kg8 {[%clk 0:13:55]} 27. Qg5 {[%clk 0:22:58]} Kg7
{[%clk 0:07:43]} 28. R1d2 {[%clk 0:20:01]} Rb7 {[%clk 0:07:12]} 29. Kf3
{[%clk 0:13:22]} Qf6+ {[%clk 0:02:21]} 30. Kg2 {[%clk 0:09:19]} Qe7
{[%clk 0:02:43]} 31. Qxe7 {[%clk 0:09:11]} Rxe7 {[%clk 0:03:08]} 32. Rd7
{[%clk 0:09:19]} Kf6 {[%clk 0:03:03]} 33. R2d6 {[%clk 0:09:45]} Rc7
{[%clk 0:02:37]} 34. Rxe7 {[%clk 0:09:54]} Kxe7 {[%clk 0:03:02]} 35. Ra6
{[%clk 0:10:19]} Kf6 {[%clk 0:02:03]} 36. Kf3 {[%clk 0:09:39]} Kf5
{[%clk 0:02:07]} 37. Ra5 {[%clk 0:10:01]} e5 {[%clk 0:01:18]} 38. Ke3
{[%clk 0:10:31]} f6 {[%clk 0:01:14]} 39. Ra6 {[%clk 0:10:05]} g5 {[%clk 0:00:47]}
40. hxg5 {[%clk 0:36:54]} fxg5 {[%clk 0:30:38]} 41. f3 {[%clk 0:24:17]} g4
{[%clk 0:27:02]} 42. fxg4+ {[%clk 0:23:27]} hxg4 {[%clk 0:17:37]} 43. Rh6
{[%clk 0:23:02]} Kg5 {[%clk 0:15:55]} 44. Re6 {[%clk 0:22:44]} Kf5
{[%clk 0:16:17]} 45. Re8 {[%clk 0:16:15]} Rh7 {[%clk 0:11:16]} 46. Rf8+
{[%clk 0:16:05]} Ke6 {[%clk 0:11:37]} 47. Ke4 {[%clk 0:12:14]} Rh2
{[%clk 0:07:08]} 48. Re8+ {[%clk 0:12:34]} Kd6 {[%clk 0:06:35]} 49. Rg8
{[%clk 0:11:15]} Re2+ {[%clk 0:04:50]} 50. Kf5 {[%clk 0:11:44]} Rxa2
{[%clk 0:05:11]} 51. Rg6+ {[%clk 0:12:09]} Kc7 {[%clk 0:05:27]} 52. Kxe5
{[%clk 0:12:33]} Rb2 {[%clk 0:05:26]} 53. Kd5 {[%clk 0:12:35]} Rxb3
{[%clk 0:05:22]} 54. Rxg4 {[%clk 0:09:59]} a5 {[%clk 0:05:34]} 55. Kxc5
{[%clk 0:10:22]} a4 {[%clk 0:05:34]} 56. Rg7+ {[%clk 0:01:48]} Kb8
{[%clk 0:05:56]} 57. Rg8+ {[%clk 0:01:02]} Kb7 {[%clk 0:04:18]} 1/2-1/2

[Event "IMP Mezczyzn do lat 20"]
[Site "Chotowa"]
[Date "2023.10.31"]
[Round "6.3"]
[White "Turski, Bartlomiej"]
[Black "Kacprzak, Karol"]
[Result "1-0"]
[BlackElo "2317"]
[WhiteElo "2334"]
[LiveChessVersion "1.4.8"]

1. e4 {[%clk 1:29:32]} c5 {[%clk 1:30:41]} 2. c3 {[%clk 1:29:57]} Nf6
{[%clk 1:29:14]} 3. e5 {[%clk 1:30:19]} Nd5 {[%clk 1:29:41]} 4. d4
{[%clk 1:30:43]} cxd4 {[%clk 1:30:08]} 5. Nf3 {[%clk 1:30:55]} e6
{[%clk 1:29:43]} 6. cxd4 {[%clk 1:31:18]} d6 {[%clk 1:29:58]} 7. Bc4
{[%clk 1:31:33]} Nc6 {[%clk 1:26:59]} 8. O-O {[%clk 1:31:40]} Be7
{[%clk 1:27:18]} 9. Qe2 {[%clk 1:32:00]} O-O {[%clk 1:27:42]} 10. Nc3
{[%clk 1:32:26]} Nxc3 {[%clk 1:26:49]} 11. bxc3 {[%clk 1:32:50]} dxe5
{[%clk 1:27:14]} 12. dxe5 {[%clk 1:33:13]} Qa5 {[%clk 1:27:39]} 13. Bd3
{[%clk 1:33:36]} Rd8 {[%clk 1:18:54]} 14. Rb1 {[%clk 1:34:01]} Qc7
{[%clk 0:57:26]} 15. Qe4 {[%clk 1:13:14]} g6 {[%clk 0:57:44]} 16. Bh6
{[%clk 1:12:37]} Bd7 {[%clk 0:54:15]} 17. Qf4 {[%clk 1:06:22]} Be8
{[%clk 0:46:43]} 18. Be4 {[%clk 1:05:18]} b6 {[%clk 0:35:37]} 19. Bxc6
{[%clk 0:59:04]} Bxc6 {[%clk 0:34:44]} 20. Ng5 {[%clk 0:58:29]} Bf8
{[%clk 0:34:11]} 21. Qh4 {[%clk 0:40:23]} Qxe5 {[%clk 0:23:02]} 22. Bxf8
{[%clk 0:40:25]} Kxf8 {[%clk 0:23:22]} 23. Rbe1 {[%clk 0:35:56]} Qd5
{[%clk 0:15:48]} 24. Re4 {[%clk 0:30:35]} h5 {[%clk 0:16:02]} 25. c4
{[%clk 0:27:18]} Qd7 {[%clk 0:10:20]} 26. Rf4 {[%clk 0:26:05]} f5
{[%clk 0:10:45]} 27. Rd4 {[%clk 0:26:22]} Qe7 {[%clk 0:09:35]} 28. Rxd8+
{[%clk 0:25:48]} Rxd8 {[%clk 0:10:03]} 29. Nxe6+ {[%clk 0:26:11]} Qxe6
{[%clk 0:10:25]} 30. Qxd8+ {[%clk 0:26:37]} Kg7 {[%clk 0:09:53]} 31. Qd4+
{[%clk 0:25:48]} Kh7 {[%clk 0:10:22]} 32. Qc3 {[%clk 0:25:37]} Qd6
{[%clk 0:06:08]} 33. Re1 {[%clk 0:25:48]} Be4 {[%clk 0:06:36]} 34. f3
{[%clk 0:25:50]} Bd3 {[%clk 0:06:29]} 35. Qe5 {[%clk 0:25:17]} Qxe5
{[%clk 0:06:32]} 36. Rxe5 {[%clk 0:25:43]} Bxc4 {[%clk 0:06:53]} 37. Re7+
{[%clk 0:26:11]} Kh6 {[%clk 0:07:16]} 38. Rxa7 {[%clk 0:26:36]} b5
{[%clk 0:07:01]} 39. a3 {[%clk 0:26:58]} h4 {[%clk 0:06:39]} 40. f4
{[%clk 0:56:00]} 1-0